Lyrics Quiz-Metallica "Nothing Else Matters" - Statistics

General Stats
  • This quiz has been taken 906 times
  • The average score is 142 of 186
Answer Stats
Answer % Correct
matter
99%
no
99%
No,
99%
else
97%
nothing
97%
a
96%
I
96%
matters
95%
And
93%
and
93%
the
93%
So
92%
how
90%
far
89%
for
89%
close,
88%
who
85%
Trust
83%
Never
82%
never
82%
are
81%
be
81%
from
81%
in
81%
we
81%
you
81%
do
80%
much
79%
Couldn´t
77%
heart
77%
more
76%
Forever
74%
what
74%
know
73%
know,
73%
they
73%
find
72%
say
72%
Open
70%
way
69%
new
68%
something
67%
seek
66%
this
66%
view
66%
day
65%
different
65%
Every
65%
cared
63%
is
62%
it
62%
myself
62%
Life
58%
our
58%
mind
56%
just
55%
opened
55%
But
54%
live
54%
All
53%
don´t
52%
these
52%
words,
52%
ours,
51%
trusting
51%
us
49%
yeah,
40%
yeah
40%
play
34%
games
31%
No matching quizzes found
Score Distribution
Percent of People with Each Score
Percentile by Number Answered
Your Score History
You have not taken this quiz